000 00506cam a22001937a 4500
001 000013
003 armpunfd
005 20140612090555.0
008 011019e1966####xx#a##########000#0#und#d
040 _aarmpunfd
_carmpunfd
080 _a341.1/.8 D 543
100 1 0 _a Diaz Cisneros, Cesar
245 1 0 _aDerecho internacional publico
260 _a Buenos Aires
_b Tea
_c1966
300 _a3 v.
650 7 _a Derecho Internacional Publico
_2LEMB
942 _cLB
_2cdu
945 _aCatalis
_d2010-08-19
999 _c12
_d230516